Software Project Management Automation for Offshore Development (SOUL) (Record no. 9124)

000 -LEADER
fixed length control field 00594 a2200169 4500
003 - CONTROL NUMBER IDENTIFIER
control field NUST
038 ## - RECORD CONTENT LICENSOR
Staff Name a
082 ## - DEWEY DECIMAL CLASSIFICATION NUMBER
Classification number BIT-5
100 ## - MAIN ENTRY--PERSONAL NAME
Personal name Yasir Naveed Riaz
9 (RLIN) 93128
245 ## - TITLE STATEMENT
Title Software Project Management Automation for Offshore Development (SOUL)
Statement of responsibility, etc. Yasir Naveed Riaz
260 ## - PUBLICATION, DISTRIBUTION, ETC.
Place of publication, distribution, etc. Islamabad,
Name of publisher, distributor, etc. NUST School of Electrical Engineering & Computer Science,
Date of publication, distribution, etc. 2006.
300 ## - PHYSICAL DESCRIPTION
Extent xi, 72 p. :
Other physical details ill. ;
Dimensions 27 cm. +
Accompanying material CD-ROM
500 ## - GENERAL NOTE
General note Supervisors : Mr. Aatif Kamal, Mr. Mujtaba Haider.
563 ## - BINDING INFORMATION
Binding note a
856 ## - ELECTRONIC LOCATION AND ACCESS
Uniform Resource Identifier <a href="http://10.250.8.41:8080/xmlui/handle/123456789/9221">http://10.250.8.41:8080/xmlui/handle/123456789/9221</a>
942 ## - ADDED ENTRY ELEMENTS (KOHA)
Koha item type Thesis
Call number prefix BIT-5 YAS
Source of classification or shelving scheme
Holdings
Withdrawn status Lost status Source of classification or shelving scheme Damaged status Not for loan Permanent Location Current Location Date acquired Full call number Barcode Date last seen Price effective from Koha item type
WITHDRAWN         Central Library (CL) Central Library (CL) 07/05/2022 BIT-5 YAS SEECSP00017 11/14/2012 11/14/2012 Project Report
© 2023 Central Library, National University of Sciences and Technology. All Rights Reserved.